| 000 | 00388nam a2200145Ia 4500 | ||
|---|---|---|---|
| 008 | 230917s9999||||xx |||||||||||||| ||und|| | ||
| 040 |
_e206444 _aMAIN |
||
| 041 | _aEnglish | ||
| 082 | _a822.09 K167I | ||
| 100 | _aKaushik, Abha Shukla | ||
| 245 | 0 | _aIndian drama in English: Some perspectives | |
| 260 |
_aNew Delhi _bAtlantic Publishers _c2013 |
||
| 300 | _axiv, 335 p. | ||
| 942 | _cBK | ||
| 999 |
_c175878 _d175878 |
||